000
00283nam a2200121Ia 4500
005
20251222154440.0
008
251222s9999||||xx |||||||||||||| ||spa||
020
_a
84-7758-269-6
082
_a
REF.030/V33
100
_a
Varios
245
0
_a
Video enciclopedia americana
942
_c
LIB
999
_c
36745
_d
36745